[Event "Oberfranken-ch Q 0910"]
[Site "Schney"]
[Date "2010.01.04"]
[Round "3"]
[White "Franz, Juergen"]
[Black "Haeggberg, Markus Peter"]
[Result "1/2-1/2"]
[WhiteElo "1750"]
[BlackElo "1769"]
[PlyCount "42"]
[EventDate "2010.01.03"]
[EventType "swiss"]
[EventRounds "6"]
[EventCountry "GER"]
[SourceTitle "EXT 2015"]
[Source "ChessBase"]
[SourceDate "2014.11.20"]
[SourceVersion "1"]
[SourceVersionDate "2014.11.20"]
[SourceQuality "1"]

1. Nf3 Nf6 2. g3 e6 3. Bg2 d5 4. d3 c5 5. 0-0 Nc6 6. Nbd2 Be7 7. e4 Qc7 8. Re1 Bd7 9. e5 Ng4 10. Qe2 h5 11. c3 Nh6 12. d4 Nf5 13. Nb3 cxd4 14. Nbxd4 Ncxd4 15. cxd4 Qb6 16. Be3 Bb5 17. Qd2 a5 18. a3 Rc8 19. Bf1 Bxf1 20. Rxf1 Kd7 21. Rac1 Rxc1 1/2-1/2

[Event "Oberfranken-ch M 0708"]
[Site "Schney"]
[Date "2008.01.02"]
[Round "2"]
[White "Franz, Juergen"]
[Black "Hennigs, Stefan"]
[Result "0-1"]
[WhiteElo "1823"]
[BlackElo "1910"]
[PlyCount "56"]
[EventDate "2008.01.02"]
[EventType "swiss"]
[EventRounds "7"]
[EventCountry "GER"]
[SourceTitle "CBM 122 Extra"]
[Source "ChessBase"]
[SourceDate "2008.03.04"]
[SourceVersion "1"]
[SourceVersionDate "2008.03.04"]
[SourceQuality "1"]

1. Nf3 d5 2. g3 Nf6 3. Bg2 c5 4. d3 Nc6 5. Nbd2 e6 6. 0-0 Be7 7. e4 0-0 8. e5 Nd7 9. Re1 Qc7 10. Qe2 b6 11. h4 Ba6 12. Nf1 Rac8 13. Bf4 Rfd8 14. N1h2 Nd4 15. Nxd4 cxd4 16. Rac1 Nc5 17. Qg4 Kh8 18. Bd2 Nd7 19. Qxd4 f6 20. Qg4 Nxe5 21. Qxe6 Rb8 22. Bf4 Bd6 23. Bxd5 Bc8 24. Bxe5 Bxe6 25. Bxd6 Qxd6 26. Bxe6 Re8 27. Bg4 Qd4 28. Rxe8+ Rxe8 0-1

[Event "Oberfranken-ch Q 0607"]
[Site "Schney"]
[Date "2007.01.03"]
[Round "3"]
[White "Franz, Juergen"]
[Black "Stieg, Bastian"]
[Result "0-1"]
[WhiteElo "1776"]
[BlackElo "1675"]
[PlyCount "80"]
[EventDate "2007.01.02"]
[EventType "swiss"]
[EventRounds "6"]
[EventCountry "GER"]
[SourceTitle "EXT 2015"]
[Source "ChessBase"]
[SourceDate "2014.11.20"]
[SourceVersion "1"]
[SourceVersionDate "2014.11.20"]
[SourceQuality "1"]

1. Nf3 d5 2. g3 c6 3. d3 Bg4 4. Nbd2 Nd7 5. Bg2 Ngf6 6. 0-0 e5 7. e4 dxe4 8. dxe4 Qc7 9. h3 Bxf3 10. Qxf3 Be7 11. a4 0-0 12. Nc4 Rfe8 13. Qe2 Bc5 14. c3 a5 15. Ne3 g6 16. h4 Rad8 17. Kh1 Bf8 18. f4 exf4 19. Rxf4 Nh5 20. Rg4 Nxg3+ 21. Rxg3 Qxg3 22. h5 Qh4+ 23. Kg1 Qxh5 24. Qxh5 gxh5 25. Nf5 f6 26. Bf3 h4 27. Kh2 Ne5 28. Bh5 Ng6 29. Bf3 Ne5 30. Bh5 Ng6 31. Bf3 Rd3 32. Be3 Bd6+ 33. Kh3 Bf4 34. Be2 Rxe3+ 35. Nxe3 Bxe3 36. Bf3 Rd8 37. b4 axb4 38. cxb4 Rd3 39. Rd1 Rxd1 40. Bxd1 Kg7 0-1